banner koha

Qualidade de painéis aglomerados produzidos com diferentes proporções de madeira e capim-annoni (Registro n. 339937)

MARC details
000 -LÍDER
fixed length control field 04075nab a2200325 i 4500
003 - CÓDIGO MARC DA AGÊNCIA CATALOGADORA
Campo de controle BR-BrBNA
005 - DATA E HORA DA ÚLTIMA ATUALIZAÇÃO
Campo de controle 20260127153713.0
008 - CAMPO DE TAMANHO FIXO
fixed length control field 260127b2016 bl.qr|pooa||| 00| 0 por |
040 ## - FONTE DA CATALOGAÇÃO
Agência catalogadora BR-BrBNA
Idioma da catalogação por
072 ## - CATEGORIA AGRIS
Código AGRIS K50
Código do objeto 3140
100 ## - ENTRADA PRINCIPAL - NOME PESSOAL
Nome pessoal Baldin, Talita
100 ## - ENTRADA PRINCIPAL - NOME PESSOAL
Nome pessoal Silveira, Amanda Grassmann da
100 ## - ENTRADA PRINCIPAL - NOME PESSOAL
Nome pessoal Vidrano, Bibiana Regina Argenta
100 ## - ENTRADA PRINCIPAL - NOME PESSOAL
Nome pessoal Cancian, Luciano Campos
100 ## - ENTRADA PRINCIPAL - NOME PESSOAL
Nome pessoal Spatt, Leandro Lima
100 ## - ENTRADA PRINCIPAL - NOME PESSOAL
Nome pessoal Haselein, Clovis Roberto
245 ## - TÍTULO PRINCIPAL
Título principal Qualidade de painéis aglomerados produzidos com diferentes proporções de madeira e capim-annoni
500 ## - NOTA GERAL
Nota geral <br/><br/>Publicação online; 32 ref.; 9 tables; Summaries (En, Pt)
942 ## - ADDED ENTRY ELEMENTS (KOHA)
Koha item type Analítica
520 ## - NOTA DE RESUMO
Nota de conteúdo <br/><br/><br/>RESUMO - A aplicação de matérias-primas alternativas na fabricação de painéis vem ganhando destaque e já é objeto de diversos estudos, dentre essas encontra-se a Eragrostis plana Nees (capim-annoni), gramínea invasora nos campos sulinos. Objetivou-se verificar a possibilidade de utilização do capim-annoni na fabricação de painéis aglomerados. Foram utilizadas três diferentes proporções de madeira de pinus (Pinus sp.) e capim-annoni e, dois tipos de adesivos, uréia-formaldeído e tanino-formaldeído. A avaliação da qualidade das chapas compreendeu na determinação das propriedades físicas: teor de umidade; densidade; absorção de água e inchamento em espessura, após 2 e 24 h de imersão e das propriedades mecânicas: flexão estática; arrancamento de parafusos; ligação interna e dureza Janka. As chapas produzidas exclusivamente com madeira de pinus apresentaram melhores resultados para a maioria das propriedades físico-mecânicas, diminuídas conforme se aumentou a porcentagem de incorporação de capim-annoni. A mistura de partículas de pinus com capim-annoni foi eficiente para homogeneizar as densidades das chapas, indicando-as para aplicações que não exijam elevada solicitação, tais como, isolante térmico acústico, decoração e artesanato. <br/><br/><br/>Palavras-chave: painéis de partículas, propriedades físico-mecânicas, tanino-formaldeído, uréia-formaldeído
520 ## - NOTA DE RESUMO
Nota de conteúdo <br/><br/><br/>ABSTRACT - The application of alternative raw materials to manufacture particleboards has gained considerable attention and it is now the objective of various studies. The capim-annoni (Eragrostis plana Nees.) is an invasive grass in the southern fields of Brazil and appears to be an example of such materials. This study aimed to verified the suitability of capim-annoni as a substrate in particleboards manufacturing. Three different proportions of wood (Pinus sp.) and capim-annoni were used, and two binders were tested (urea-formaldehyde and tannin-formaldehyde). Particleboard quality was assessed through evaluation of the following features physical-mechanical properties: moisture content, density, water absorption and thickness swelling (after 2 and 24 h of immersion in water), and static bending, internal bonding, screw withdrawal and Janka hardness. Results of physical-mechanical properties were greatest in particleboard produced exclusively with pine wood and decreased as the percentage of capim-annoniincreased. However, mixtures of pine particles with capim-annoni particles were effective in homogenizing plate density, which could make these particleboards suitable for applications not requiring high requests, such as thermal and acoustic insulation, decoration and small crafting.<br/><br/><br/><br/>Key words: particleboards, physical-mechanical properties, tannin-formaldehyde, urea-formaldehyde
650 ## - ASSUNTO - THESAGRO
Cabeçalho tópico ou nome geográfico PINHEIRO
650 ## - ASSUNTO - THESAGRO
Cabeçalho tópico ou nome geográfico CAPIM-ANNONI
650 ## - ASSUNTO - THESAGRO
Cabeçalho tópico ou nome geográfico PAINEL DE MADEIRA
650 ## - ASSUNTO - THESAGRO
Cabeçalho tópico ou nome geográfico PROPRIEDADE MECÂNICA
650 ## - ASSUNTO - THESAGRO
Cabeçalho tópico ou nome geográfico INDÚSTRIA FLORESTAL
773 0# - ENTRADA ANALÍTICA
Host Biblionumber 4656
Registro do item 359958
Imprenta Recife-PE Universidade Federal Rural de Pernambuco 2006
Outro identificador 2026-0348
Título Revista Brasileira de Ciências Agrárias (Brazil)
ISSN 1981-1160
Colação v. 11(3) p. 230-237; (2016)
Número de controle de registro BR2025005516
856 ## - ACESSO E ENDEREÇO ELETRÔNICO
Identificador uniforme de recurso - URI http://www.agraria.pro.br/ojs32/index.php/RBCA/article/view/v11i3a5376/497

Nenhum exemplar disponível.

BINAGRI

Telefone: (61)3218-2567/2388/3357/2097 - binagri@agro.gov.br

Ministério da Agricultura e Pecuária , Esplanada dos Ministérios, Bloco D, Anexo B, Brasília/DF, CEP: 70.043-900